Estadísticas para Principales lenguas europeos en un mapa

Haz click aquí para intentar la prueba.

Estadísticas generales

  • Esta prueba ha sido intentada 1.876 veces
  • La puntuación promedio es 32 de 43

Respuestas en el mapa

Las respuestas están codificadas por una escala verde-roja en el mapa de la prueba según el % correcto abajo.
 

Estadísticas de respuestas

#idioma% Correcto
38 milespañol
99%
66 milfrancés
99%
60 milinglés
99%
65 militaliano
99%
10 milportugués
99%
97 milalemán
98%
106 milruso
98%
4,0 milcatalán
96%
9,1 milsueco
95%
4,7 milnoruego
94%
11 milgriego
92%
39 milpolaco
92%
24 milrumano
91%
32 milucraniano
91%
5,5 mildanés
88%
1,7 milletón
87%
7,8 milbúlgaro
86%
10 milcheco
85%
5,6 milcroata
85%
13 milhúngaro
84%
3,3 milbielorruso
83%
2,4 milgallego
83%
9,0 milserbio
83%
5,2 mileslovaco
82%
1,1 milestonio
82%
3,0 millituano
82%
12 milturco
81%
2,5 milbosnio
78%
2,1 milesloveno
74%
1,4 milmacedonio
72%
5,4 milfinés
70%
5,4 milalbanés
69%
22 milneerlandés
69%
4,7 milsiciliano
60%
5,7 milnapolitano
49%
3,8 milveneciano
41%
1,0 milkazajo
33%
1,2 milsardo
33%
3,6 millombardo
23%
1,6 milpiamontés
19%
1,4 milchecheno
18%
1,5 milromaní
9%
1,1 milchuvasio
4%

Distribución de puntuación

Porcentaje por número respondido

Porcentaje de gente con cada puntuación

Historial de tus puntuaciones

No has intentado esta prueba.